Das große Bennett Quiz - Statistiken

Allgemein
  • Dieses Quiz wurde 17 mal gespielt
    15 seit der letzten Aktualisierung
  • Das Durchschnittsergebnis liegt bei 13 aus 23
Antwortstatistiken
Hint Antwort % Korrekt
Wie alt sind die meisten Freundinnen? 13
100%
Wegen wem ist sein Escooter kaputt? Anja
100%
Freundin 3 Anja
100%
Wie hieß die Feuerwehrfrau? Emily
100%
Freundin 2 Emily
100%
Freundin 1 Franka
100%
Messi oder Ronaldo? Messi
100%
Bennett hat den besten … (sagt Emily) Style
100%
Früher war er… Fett
67%
Was tun wenn Freundin(13) macht schluss? Heulen
67%
Kauft er seiner Ex ein Messi trikot? JA!
67%
Vor was hat er Angst? Pedohunter
67%
Was machten Bennett und Franka oft? Telefonieren
67%
Wie nannte Bennett seinen insta-acc auf dem Ipad? Emilyichbinsbennettwirklich
33%
Welche 4er wurden nie getragen? Louis Vouitton
33%
Bennett geht gerne zu… McDonalds
33%
Wird Bennett explodieren? Nein!
33%
Was muss Bennett stöhnen auf dem Marktplatz machen? Sit-Ups
33%
Liebelingshosen-typ Skinny cargo
33%
Wie nennt Nela Kruse ihn immer? Bennibunny
0%
Wo kauft Bennett seine ersten Jordan 4er? Gabriel
0%
Was war auf dem Partnerpullover mit Emily drauf? Hände
0%
Freundin 0 Nela Kruse
0%
Keine übereinstimmenden Quizze gefunden
Verteilung der Resultate
Anzahl Personen mit jedem Resultat
Perzentil nach korrekt beantworteten Fragen
Ihre Resultats-Entwicklung
Sie haben dieses Quiz seit der letzten Aktualisierung nicht gespielt